| 000 | 01041nam a2200313 i 4500 | ||
|---|---|---|---|
| 001 | 10991 | ||
| 003 | KOSZ 005 | ||
| 005 | 20210407190114.0 | ||
| 008 | 071102s1967 pl a f f 000 0 pol | ||
| 015 | _aPB 1967/2745 | ||
| 040 |
_aWA N _cWA N _dKOSZ 005/RW _dKOSZ 005/HR |
||
| 046 | _k1967 | ||
| 080 | _a69 | ||
| 100 | 1 |
_aMieczysławski, Stanisław _eAutor |
|
| 245 | 1 | 0 |
_aKafarowy : _bporadnik robotnika wykwalifikowanego / _cStanisław Mieczysławski. |
| 260 |
_aWarszawa : _bWydawnictwa Komunikacji i Łączności, _c1967. |
||
| 300 |
_a146, [1] s. : _bil. ; _c23 cm. |
||
| 380 | _aKsiążki | ||
| 388 | _a1901-2000 | ||
| 388 | _a1945-1989 | ||
| 650 | 4 | _aBudownictwo | |
| 650 | 4 | _aNarzędzia i maszyny | |
| 650 | 4 | _aFundamenty | |
| 655 | 4 | _aPoradnik | |
| 658 | _aArchitektura i budownictwo | ||
| 710 | 2 |
_aWydawnictwa Komunikacji i Łączności _4pbl. |
|
| 856 |
_uhttp://koha.tu.koszalin.pl/cgi-bin/koha/opac-detail.pl?biblionumber=10991 _yKatalog online BPK |
||
| 942 |
_2UKD _cKS |
||
| 999 |
_c10991 _d10991 |
||